| 000 | 01179nac a22002537a 4500 | ||
|---|---|---|---|
| 003 | Co-PeBPM | ||
| 005 | 20240616004339.0 | ||
| 007 | ta | ||
| 008 | 240615s2022 ck a|||| |||| 00| 0 spa d | ||
| 020 | _a9789584982520 | ||
| 040 |
_aCo-PeBPM _bspa _cCo-PeBPM _erda |
||
| 082 | 0 | 4 |
_a986.1327 C268c _222 |
| 100 | 1 |
_aCardona Tobón, Alfredo _eautor |
|
| 245 | 1 | 0 |
_aCarambá _b: Historia de Quinchía _c/ Alfredo Cardona Tobón |
| 250 | _aPrimera edición | ||
| 260 |
_aPereira, Colombia _b: Editorial Homérica, _c2022 |
||
| 300 |
_a337 páginas _bilustraciones en blanco y negro _c22 centímetros |
||
| 500 | _aIncluye índice | ||
| 500 | _aContiene datos biográficos del autor en la solapa del texto | ||
| 520 | _aGuerra y lágrimas, paz y alegría hacen parte del pasado. El Libro Carambá registra la historia de Quinchía en páginas que recuerdan con gratitud a los hombres y mujeres sus que forjaron el presente. En este libro se mencionan, también a los verdugos de la comunidad con la esperanza de que nunca más se repitan sus nefastas acciones. | ||
| 650 | 1 | 4 |
_zQuinchía (Risaralda) - Historia _2Lemb |
| 650 | 1 | 4 |
_aHistoria social y cultural _2Lemb |
| 942 |
_2ddc _cBK _n0 |
||
| 999 |
_c59255 _d59255 |
||